XXII Festival Internacional de Cine en Guadalajara : 22-30 [de] marzo [de] 2007 = XII Guadalajara International Film Festival /

Պահպանված է:
Մատենագիտական մանրամասներ
Համատեղ հեղինակ: Festival Internacional de Cine en Guadalajara ( Guadalajara, México)
Ձևաչափ: Գիտաժողովի նյութեր Գիրք
Լեզու:իսպաներեն
Հրապարակվել է: Guadalajara, México : Festival Internacional de Cine en Guadalajara, 2007
Խորագրեր:
Ցուցիչներ: Ավելացրեք ցուցիչ
Չկան պիտակներ, Եղեք առաջինը, ով նշում է այս գրառումը!

MARC

LEADER 00000nam^a2200000^a^4500
001 000338103
005 20260306000000.0
009 20260407173248.627
037 |a Acervo ITESO - Biblioteca 
041 |a ESP 
082 |a 302. 23550972352  |b FICG 2007 
111 |a Festival Internacional de Cine en Guadalajara (  |n 22° :  |d 2007 :  |c Guadalajara, México) 
240 1 1 |a [FICG] 
240 1 1 |a [FICG: catálogos] 
240 1 1 |a [FICG 22] 
240 1 1 |a [Festival Internacional de Cine en Guadalajara] 
240 1 1 |a [Festival Internacional de Cine en Guadalajara: catálogos] 
240 1 1 |a [Festival Internacional de Cine en Guadalajara 2007] 
245 1 0 |a XXII Festival Internacional de Cine en Guadalajara :  |b 22-30 [de] marzo [de] 2007 = XII Guadalajara International Film Festival / 
264 1 |a Guadalajara, México :  |b Festival Internacional de Cine en Guadalajara,  |c 2007 
300 |a 294 p. 
336 |a texto  |b txt  |2 rdacontenido 
337 |a sin mediación  |b n  |2 rdamedio 
338 |a volumen  |b nc  |2 rdasoporte 
546 |a Edición bilingüe español-inglés 
585 |a Festival Internacional de Cine en Guadalajara (22°: 2007) 
586 |a Premio Príncipe de Asturias de las Artes 2006: Homenajes 
586 |a Premio Nacional de Ciencias y Artes, categoría Lingüística y Literatura (52°: 2001): Homenajes 
649 |a XX 
650 |a Guionistas Jaliscienses -  |x Homenajes 
650 |a Guionistas Mexicanos -  |x Homenajes 
650 |a Escritores Jaliscienses -  |x Homenajes 
650 |a Escritores Mexicanos -  |x Homenajes 
650 |a Cineastas Brasileños -  |x Homenajes 
650 |a Cineastas Españoles -  |x Homenajes 
650 |a Cineastas Franceses -  |x Homenajes 
650 |a Agencias de Información 
650 |a Cortometrajes y Mediometrajes Jaliscienses -  |x Ciclos y Retrospectivas 
650 |a Cortometrajes y Mediometrajes Mexicanos -  |x Ciclos y Retrospectivas 
650 |a Películas de Ciencia-Ficción -  |z México -  |x Ciclos y Retrospectivas 
650 |a Cine Jalisciense -  |x Ciclos y Retrospectivas 
650 |a Cine Jalisciense -  |y 2000-2009 
650 |a Cine Mexicano -  |x Festivales -  |x Catálogos -  |x Tema Principal 
650 |a Cine Mexicano -  |x Ciclos y Retrospectivas 
650 |a Cine Mexicano -  |x Historia y Crítica 
650 |a Cine Mexicano -  |y 2000-2009 
650 |a Cine Mexicano -  |y Siglo XXI 
650 |a Cine Brasileño -  |x Ciclos y Retrospectivas 
650 |a Cine Español -  |x Ciclos y Retrospectivas 
650 |a Cine Iberoamericano -  |x Festivales -  |x Catálogos -  |x Tema Principal 
650 |a Cine Iberoamericano -  |x Historia y Crítica 
650 |a Cine Iberoamericano -  |y 2000-2009 
650 |a Cine Iberoamericano -  |y Siglo XXI 
650 |a Cine -  |z Guadalajara, Jalisco -  |x Festivales -  |x Catálogos -  |x Tema Principal 
650 |a Cine -  |z México -  |x Festivales -  |x Catálogos 
650 |a Cine -  |x Festivales -  |x Catálogos 
650 |a Almodóvar, Pedro 
650 |a Costa-Gavras, Constantin 
650 |a Leñero, Vicente 
650 |a Santos, Nelson Pereira dos 
650 |a Magnum Photos 
910 |a Fondo General 
920 |a Impresos - Libros 
930 |a Obras de Referencia 
905 |a 102 
901 |a 0500227924  |b IT2  |c REF  |i D60828  |u 20260306 
902 |a https://opac.biblio.iteso.mx/vufind/Record/000338103